Tự học lập trình và thiết kế trang web với HTML và Frontpage 2003 /
Enregistré dans:
| Auteur principal: | |
|---|---|
| Autres auteurs: | , |
| Format: | Sách giấy |
| Langue: | Vietnamese |
| Publié: |
H. :
Thanh niên,
2004
|
| Collection: | Tin học cho thanh niên
|
| Sujets: | |
| Tags: |
Ajouter un tag
Pas de tags, Soyez le premier à ajouter un tag!
|
| Thư viện lưu trữ: | Thư viện Trường Đại học Đà Lạt |
|---|
| LEADER | 00947nam a2200349 4500 | ||
|---|---|---|---|
| 001 | DLU050000097 | ||
| 005 | ##20050829 | ||
| 040 | # | # | |a DLU |b vie |
| 041 | # | # | |a vie |
| 044 | # | # | |a vn |
| 082 | # | # | |a 005.72 |b NG-K |
| 100 | # | # | |a Nguyễn Văn Khoa |
| 245 | # | # | |a Tự học lập trình và thiết kế trang web với HTML và Frontpage 2003 / |c Nguyễn Văn Khoa, Lê Thanh Tuấn, Lữ Đình Thái |
| 260 | # | # | |a H. : |b Thanh niên, |c 2004 |
| 300 | # | # | |a 218 tr. : |b minh hoạ ; |c 20 cm |
| 490 | # | # | |a Tin học cho thanh niên |
| 653 | # | # | |a Mạng máy tính |
| 653 | # | # | |a Phần mềm Frontpage |
| 653 | # | # | |a Sách tự học |
| 653 | # | # | |a Trang Web |
| 700 | # | # | |a Lê Thanh Tuấn |
| 700 | # | # | |a Lữ Đình Thái |
| 923 | # | # | |a 26/2005 |
| 992 | # | # | |a 22.000 |
| 994 | # | # | |a DLU |
| 900 | # | # | |a True |
| 911 | # | # | |a Đào Thị Thu Huyền |
| 925 | # | # | |a G |
| 926 | # | # | |a A |
| 927 | # | # | |a SH |
| 980 | # | # | |a Thư viện Trường Đại học Đà Lạt |